OGC Nice all-time top scorers - Statistics

General Stats
  • This quiz has been taken 6 times
  • The average score is 3 of 10
Answer Stats
Goals Nationality Player % Correct
51 France Just Fontaine
100%
108 Serbia Nenad Bjekovic
40%
111 Luxembourg Victor Nurenberg
40%
86 France Charly Loubet
20%
53 France Daniel Sanchez
20%
74 Argentina / France Héctor De Bourgoing
20%
74 France Jacques Foix
20%
56 France Jean Courteaux
20%
71 Hungary / France Joseph Ujlaki
20%
57 Mali Omar Barrou
20%
No matching quizzes found
Score Distribution
Percent of People with Each Score
Percentile by Number Answered
Your Score History
You have not taken this quiz